Managerial Economics (Record no. 2079)
[ view plain ]
| 005 - DATE AND TIME OF LATEST TRANSACTION | |
|---|---|
| control field | 20250507094952.0 |
| 020 ## - INTERNATIONAL STANDARD BOOK NUMBER | |
| International Standard Book Number | 0-07-340281-8 |
| 082 ## - DEWEY DECIMAL CLASSIFICATION NUMBER | |
| Classification number | LECT 330.024 THO |
| 100 ## - MAIN ENTRY--PERSONAL NAME | |
| Author name | THOMAS, C. R. |
| 245 ## - TITLE STATEMENT | |
| Title | Managerial Economics |
| 250 ## - EDITION STATEMENT | |
| Edition statement | 9th Ed. |
| 260 ## - PUBLICATION, DISTRIBUTION, ETC. | |
| Place of publication, distribution, etc. | Boston, |
| Name of publisher, distributor, etc. | McGraw-Hill, |
| Date of publication, distribution, etc. | 2008. |
| 300 ## - PHYSICAL DESCRIPTION | |
| Extent | xvii, 746p.: ill.; figure, graph. |
| Other physical details | Index. |
| Dimensions | 24cm. |
| Accompanying material | CD. |
| 700 ## - ADDED ENTRY--PERSONAL NAME | |
| Other authors/Editors | MAURICE, S. C. |
| 856 ## - ELECTRONIC LOCATION AND ACCESS | |
| Link text | Access Online Book |
| Electronic name | Managerial Economics |
| Path | www.mhhe.com/thomas9 |
| 942 ## - ADDED ENTRY ELEMENTS (KOHA) | |
| Source of classification or shelving scheme | Dewey Decimal Classification |
| Koha item type | Books |
| Date last seen | Total checkouts | Full call number | Barcode | Price effective from | Koha item type | Lost status | Source of classification or shelving scheme | Damaged status | Not for loan | Withdrawn status | Home library | Current library | Shelving location | Date acquired | Cost, normal purchase price |
|---|---|---|---|---|---|---|---|---|---|---|---|---|---|---|---|
| 05/07/2025 | LECT 330.024 THO | 0000007953 | 05/07/2025 | Books | Dewey Decimal Classification | College of Business Education Main Library | College of Business Education Main Library | General Collection | 11/28/2014 | 55000.00 |
